| 000 | 00488nam a2200181Ia 4500 | ||
|---|---|---|---|
| 999 |
_c851 _d851 |
||
| 003 | OSt | ||
| 005 | 20201224131215.0 | ||
| 008 | 190216s9999||||xx |||||||||||||| ||und|| | ||
| 040 | _coclc | ||
| 082 |
_a297.37 _bNAV/R |
||
| 100 |
_aNavavi, Imam _97864 |
||
| 245 | 0 |
_aRiyalusswaliheen / _cImam Navavi |
|
| 250 | _a10th Ed. | ||
| 260 |
_bAl Huda Book Stall, _aKozhikode: _c2008. |
||
| 300 | _a808p | ||
| 650 | _aArabic | ||
| 942 |
_cBK _2ddc _h297.37 _iNAV/R _k297.37 _mNAV/R |
||